Movies Quiz

Random Movies or Numbers Quiz

57 '#' Movies Quiz Stats

 Plays Quiz Updated Feb 7, 2014

Also try: Movies by Numbers
Challenge
Share
Tweet
Embed
Score 0/57 Timer 14:00
1 Play Today
Year & Genre(s) Movie % Correct
2005: ComedyThe 40-Year Old Virgin
81.6%
1957: Courtroom12 Angry Men
80.3%
2008: Drama21
74.6%
2009: Disaster2012
71.8%
2004: Comedy50 First Dates
69%
2002: Music8 Mile
67.8%
2009: Animated9
67.2%
2008: RomCom27 Dresses
66.5%
2006: War/Action300
64.4%
1968: SciFi2001: A Space Odyssey
63.3%
1984: Drama1984
61.1%
1987: Comedy3 Men and a Baby
59%
2004: Comedy13 Going on 30
58.3%
2000: Drama28 Days
55.2%
1999: Comedy10 Things I Hate About You
51.9%
2012: Comedy21 Jump Street
50.4%
2009: Comedy17 Again
48.2%
2010: Drama127 Hours
47.9%
2003: Action2 Fast 2 Furious
46.6%
1980: Comedy9 to 5
45.1%
2007: Horror28 Weeks Later
42.6%
1995: SciFi12 Monkeys
41.5%
1982: Action48 Hrs.
40.3%
1996: Family101 Dalmatians
38.8%
2007: Western3:10 to Yuma
38.3%
1992: Adventure1492: Conquest of Paradise
37%
1954: Adventure20000 Leagues Under the Sea
35.5%
2009: Romance(500) Days of Summer
35.3%
2002: Comedy40 Days and 40 Nights
32.6%
Year & Genre(s) Movie % Correct
1999: Mystery8mm
28.9%
1998: Drama54
28.6%
2008: Adventure10,000 BC
28.1%
1979: Comedy1941
27.7%
1972: Musical1776
26.2%
2007: Horror30 Days of Night
23.6%
2007: Horror1408
22.8%
2003: Drama21 Grams
22%
1963: Drama8 1/2
21.8%
2001: Thriller3000 Miles to Graceland
20.6%
1997: Black Comedy8 Heads in a Duffel Bag
18.1%
1935: MysteryThe 39 Steps
17.8%
2005: Action16 Blocks
16.7%
2002: Drama25th Hour
16.6%
2000: ActionThe 6th Day
13.6%
2008: Thriller88 Minutes
13.2%
1999: ActionThe 13th Warrior
13.2%
2009: Action12 Rounds
9.9%
2001: Crime15 Minutes
8.6%
1959: DramaThe 400 Blows
8.4%
2002: Musical8 Women
8.3%
1976: Epic1900
7.7%
1933: Musical42nd Street
6.8%
1996: Thriller2 Days in the Valley
5.4%
1941: Adventure49th Parallel
4.8%
2007: Drama4 Months, 3 Weeks, 2 Days
4.1%
2007: Comedy2 Days in Paris
3.9%
1986: Action8 Million Ways to Die
2.6%

You're not logged in!

Compare scores with friends on all Sporcle quizzes.
OR
Log In

You Might Also Like...

Show Comments

Extras

Top Quizzes Today


Score Distribution

Your Account Isn't Verified!

In order to create a playlist on Sporcle, you need to verify the email address you used during registration. Go to your Sporcle Settings to finish the process.

Report this User

Report this user for behavior that violates our Community Guidelines.

Details: